| 000 | 01296cam a2200445 4500 | ||
|---|---|---|---|
| 008 | 030606n1999 000 0 eng u | ||
| 020 | _a0419242805 | ||
| 035 | _a(Sirsi) u122548 | ||
| 041 | _aeng | ||
| 050 |
_a711.2 _c18 |
||
| 245 |
_aCities in the pacific rim _bplanning systems and property markets |
||
| 260 |
_aLondon _bSpon _c1999 |
||
| 300 |
_axix, 374p. _c25cm. |
||
| 350 | _a80 | ||
| 520 | _aLooks at the interactive relationships between the operation of the planning system and the role of performance of property development and real estate markets in 14 Pacific Rim cities. | ||
| 650 | _aPLANNING SYSTEM | ||
| 650 | _aCITY PLANNING | ||
| 650 | _aPACIFIC RIM | ||
| 650 | _aPROPERTY MARKETS | ||
| 650 | _aREAL ESTATE INVESTMENT | ||
| 650 | _aBEIJING | ||
| 650 | _aSHANGHAI | ||
| 650 | _aHONG KONG | ||
| 650 | _aTAIPEI | ||
| 650 | _aTOKYO | ||
| 650 | _aBANGKOK | ||
| 650 | _aKUALA LUMPUR | ||
| 650 | _aSINGAPORE | ||
| 650 | _aMANILA | ||
| 650 | _aSYDNEY | ||
| 650 | _aMELBOURNE | ||
| 650 | _aVANCOUVER | ||
| 650 | _aSAN FRANCISCO | ||
| 650 | _aLOS ANGELES | ||
| 650 | _aINTERNATIONAL ECONOMIC RELATIONS | ||
| 690 |
_aPlanning and development _96259 |
||
| 700 |
_aBerry, James _xEditor |
||
| 700 |
_aMcGreal, Stanley _xEditor |
||
| 942 | _n0 | ||
| 999 |
_c102879 _d102879 |
||